| 000 | 00925nam0a22002531 4500 | ||
|---|---|---|---|
| 001 | rc\3754046 | ||
| 005 | 20260408005218.0 | ||
| 021 |
_aRU _bРг300-70 |
||
| 035 | _a(NLR Aleph) 007791736 | ||
| 090 |
_a7654640 _c7654640 |
||
| 100 | _a20130115d1969 |||y0rusy50 ca | ||
| 101 | 0 | _arus | |
| 102 | _aRU | ||
| 105 | _aa b ||||| | ||
| 200 | 1 |
_aСуда 1968 года _e[Каталог _fМ-во судостроит. пром-сти. Судпром-68 |
|
| 210 |
_aМосква] _cЦНИИТЭИС _d1969 |
||
| 215 |
_a[24] с. _cил. _d13х12 |
||
| 532 | 1 | 1 | _aСуда тысяча девятьсот шестьдесят восьмого года |
| 712 | 0 | 2 |
_aЦНИИ информации и технико-экономических исследований _cМосква _3RU\NLR\AUTH\8810170068 _9835970 |
| 801 | 0 |
_aRU _bNLR _gpsbo |
|
| 801 | 1 |
_aRU _bELAR _2rusmarc |
|
| 852 |
_aNLR _jПт 90.2/26 |
||
| 942 | _cBOOK | ||
| 980 | _aNB | ||